| 000 | 00552nam a2200181 i 4500 | ||
|---|---|---|---|
| 001 | 125558 | ||
| 003 | ES-MaACL | ||
| 005 | 20230906192644.0 | ||
| 007 | t| | ||
| 008 | 070619s1960 fr |||| | fre d | ||
| 080 | _a811.112.2'36 | ||
| 100 | 1 |
_aBouchez, Maurice. _930838 |
|
| 245 | 1 | 0 |
_aGrammaire allemande / _cMaurice Bouchez. |
| 260 |
_aParis : _bLibraire Classique Eugene Belin, _c[1960] |
||
| 300 |
_a412 p. ; _c22 cm. |
||
| 650 | 1 | 4 |
_aLengua alemana- _xGramática. _914085 |
| 852 |
_aES-MaACL _jE-11721 _z. - Biblioteca Jacinto MartÃnez Lacalle |
||
| 999 |
_c125558 _d125558 |
||